[Event "Arak op 15th"]
[Site "Arak"]
[Date "2016.08.12"]
[Round "2"]
[White "Ahmadi, Ali"]
[Black "Gholami Orimi, Mahdi"]
[Result "0-1"]
[WhiteElo "1896"]
[BlackElo "2304"]
[PlyCount "60"]
[EventDate "2016.08.11"]
[EventType "swiss"]
[EventRounds "11"]
[EventCountry "IRI"]
[SourceTitle "CBM 173 Extra"]
[Source "ChessBase"]
[SourceDate "2016.08.29"]
[SourceVersion "1"]
[SourceVersionDate "2016.08.29"]
[SourceQuality "1"]

1. d4 Nf6 2. c4 e6 3. Nc3 Bb4 4. Qc2 0-0 5. e4 d6 6. a3 Bxc3+ 7. bxc3 e5 8. Bd3 Nc6 9. Ne2 Re8 10. 0-0 Qe7 11. Bg5 h6 12. Bxf6 Qxf6 13. d5 Nb8 14. f4 exf4 15. Rxf4 Qg5 16. Raf1 Nd7 17. h4 Qd8 18. Rxf7 Ne5 19. R7f4 Ng4 20. e5 dxe5 21. Rf7 Qd6 22. Ng3 e4 23. Bxe4 Be6 24. R7f3 Qb6+ 25. Kh1 Bd7 26. Bh7+ Kh8 27. Qg6 Ne5 28. Qc2 Nxf3 29. Rxf3 Re1+ 30. Kh2 Qg1# 0-1